000 00584nam a2200193 a 4500
001 12175
003 CO-ViMGA
008 141112s2004 ck r 000 u spa d
020 _a8428321191
040 _aCO-ViMGA
_bspa
_cCO-ViMGA
082 0 4 _aR332.103 I57d
100 1 _aInstituto de Banca,
_917239
245 1 0 _aDiccionario de Terminos Bancarios
260 _aMadrid,
_cEditorial Paraninfo S.A.,
_c1994
300 _a171 p.
590 _aPrecio : 82.000 - - Proveedor : FIS - - Fecha de adquisición : Sept. 23, 2000
650 1 4 _aBANCOS - DICCIONARIOS
_917240
942 _2ddc
_cBK
999 _c23189
_d23189